Star Wars Planets in Clone Wars(2003) - Statistics

General Stats
  • This quiz has been taken 25 times
  • The average score is 6 of 15
Answer Stats
Hint Answer % Correct
Season 1 Coruscant
100%
Season 3 Coruscant
100%
Season 3 Kashyyyk
46%
Season 3 Naboo
46%
Season 1 Muunilinst
38%
Season 2 Muunilinst
38%
Season 2 Ilum
31%
Season 1 Mon Cala
31%
Season 2 Yavin 4
31%
Season 2 Dantooine
23%
Season 2 Hypori
23%
Season 3 Hypori
23%
Season 1 Rattatak
23%
Season 3 Bomis Koori IV
15%
Season 3 Nelvaan
15%
No matching quizzes found
Score Distribution
Percent of People with Each Score
Percentile by Number Answered
Your Score History
You have not taken this quiz